[Event "XtraCon-Skakligaen"]
[Site "Denmark"]
[Date "2014.01.11"]
[Round "4.1"]
[White "Matthiesen, Arne"]
[Black "Hillarp Persson, Tiger"]
[Result "0-1"]
[WhiteElo "2358"]
[BlackElo "2557"]
[PlyCount "68"]
[EventDate "2013.11.02"]
[EventType "team-tourn"]
[EventRounds "9"]
[WhiteTeam "SK1968"]
[BlackTeam "Bronshoj"]
[WhiteTeamCountry "DEN"]
[BlackTeamCountry "DEN"]

1. Nf3 Nf6 2. c4 g6 3. g3 Bg7 4. Bg2 O-O 5. O-O d6 6. d4 Nbd7 7. Nc3 e5 8. e4
a6 9. d5 b5 10. cxb5 axb5 11. b4 Nb6 12. Re1 Bd7 13. Qe2 Qb8 14. Nd2 Ng4 15. h3
Nh6 16. Nb3 f5 17. Na5 fxe4 18. g4 Nf7 19. Rd1 Bh6 20. Nxe4 Qd8 21. Be3 Bf4 22.
Rac1 Nc4 23. Nxc4 bxc4 24. Qxc4 Rc8 25. Rc3 Ng5 26. Ng3 Bxe3 27. fxe3 Nxh3+ 28.
Bxh3 Qh4 29. Kg2 Rf3 30. Kxf3 Qxh3 31. Rf1 Bxg4+ 32. Ke4 Qxg3 33. Kd3 Qg2 34.
Re1 e4+ 0-1

[Event "XtraCon-Skakligaen"]
[Site "Denmark"]
[Date "2014.01.11"]
[Round "4.2"]
[White "Aabling Thomsen, Jakob"]
[Black "Matthiesen, Martin"]
[Result "0-1"]
[WhiteElo "2375"]
[BlackElo "2306"]
[PlyCount "84"]
[EventDate "2013.11.02"]
[EventType "team-tourn"]
[EventRounds "9"]
[WhiteTeam "Bronshoj"]
[BlackTeam "SK1968"]
[WhiteTeamCountry "DEN"]
[BlackTeamCountry "DEN"]

1. c4 c5 2. Nc3 Nc6 3. Nf3 Nf6 4. d4 cxd4 5. Nxd4 e6 6. e3 Bb4 7. Bd2 O-O 8.
Bd3 d5 9. cxd5 exd5 10. O-O Bd6 11. Ncb5 Bb8 12. Nxc6 bxc6 13. Nd4 c5 14. Nf3
Ne4 15. Qc2 Bg4 16. Rfd1 Re8 17. h3 Bxf3 18. gxf3 Qg5+ 19. Kf1 Nxf2 20. f4 Qg3
21. Bxh7+ Kh8 22. Bf5 Bxf4 23. exf4 Nxh3 24. Bxh3 Qxh3+ 25. Kf2 Qh2+ 26. Kf3
Qh3+ 27. Kf2 Qh2+ 28. Kf3 Qe2+ 29. Kg3 Re3+ 30. Bxe3 Qxc2 31. Rxd5 Qxb2 32.
Rh1+ Kg8 33. Bxc5 Re8 34. Bd4 Qxa2 35. Rg5 f6 36. Rgh5 Qb3+ 37. Kg4 Re2 38.
Rh8+ Kf7 39. Rg1 Qe6+ 40. Kg3 Qb3+ 41. Kg4 Qd5 42. Bxa7 Rg2+ 0-1

[Event "XtraCon-Skakligaen"]
[Site "Denmark"]
[Date "2014.01.11"]
[Round "4.3"]
[White "Bank, Pelle Rodkjaer"]
[Black "Pilgaard, Kim"]
[Result "1-0"]
[WhiteElo "2247"]
[BlackElo "2403"]
[PlyCount "119"]
[EventDate "2013.11.02"]
[EventType "team-tourn"]
[EventRounds "9"]
[WhiteTeam "SK1968"]
[BlackTeam "Bronshoj"]
[WhiteTeamCountry "DEN"]
[BlackTeamCountry "DEN"]

1. d4 Nf6 2. Bg5 e6 3. e4 c5 4. d5 d6 5. Nc3 Be7 6. Bb5+ Bd7 7. dxe6 fxe6 8. e5
dxe5 9. Bxf6 Bxf6 10. Qh5+ g6 11. Qe2 Nc6 12. Ne4 Be7 13. c3 Qa5 14. Nf3 O-O
15. O-O-O Rad8 16. Bc4 Bc8 17. Nfg5 Rxd1+ 18. Rxd1 Nd8 19. Kb1 h6 20. Nf3 Qc7
21. Ng3 Bf6 22. h4 Bd7 23. Qd2 Ba4 24. b3 Bc6 25. Qxh6 Qg7 26. Qe3 b5 27. Bd3
c4 28. Be4 cxb3 29. axb3 b4 30. c4 Be8 31. Qc5 Qe7 32. Qxe7 Bxe7 33. Rd2 Kg7
34. Ra2 Bc5 35. Ba8 Bb6 36. Ne4 a5 37. Nfg5 Rh8 38. g3 Kf8 39. Nd6 Bc6 40. Bxc6
Nxc6 41. c5 Ba7 42. Nc4 Ke7 43. Nxa5 Nd4 44. Ne4 Rc8 45. Nb7 Bb8 46. Kb2 Kd7
47. Na5 Bc7 48. Nc4 Kc6 49. Ne3 Rf8 50. Ra6+ Kb5 51. Ra7 Kc6 52. Ra6+ Kb5 53.
Ra7 Kc6 54. Ra1 Rf3 55. Ra8 Nf5 56. Nc4 Nd4 57. Ncd2 Rd3 58. Rg8 Kd5 59. Rg7
Ba5 60. Ra7 1-0

[Event "XtraCon-Skakligaen"]
[Site "Denmark"]
[Date "2014.01.11"]
[Round "4.4"]
[White "Hoi, Carsten"]
[Black "Hansen, Lars"]
[Result "1/2-1/2"]
[WhiteElo "2393"]
[BlackElo "2241"]
[PlyCount "39"]
[EventDate "2013.11.02"]
[EventType "team-tourn"]
[EventRounds "9"]
[WhiteTeam "Bronshoj"]
[BlackTeam "SK1968"]
[WhiteTeamCountry "DEN"]
[BlackTeamCountry "DEN"]

1. d4 d5 2. Nf3 Nf6 3. e3 Bf5 4. c4 c6 5. Nc3 e6 6. Bd3 Bxd3 7. Qxd3 Nbd7 8.
O-O Bb4 9. Bd2 a5 10. a3 Be7 11. e4 Nc5 12. dxc5 dxe4 13. Qxd8+ Rxd8 14. Nxe4
Nxe4 15. Bxa5 Ra8 16. Bb4 Bxc5 17. Rae1 Bxb4 18. Rxe4 Be7 19. Rd1 Bf6 20. Ne5
1/2-1/2

[Event "XtraCon-Skakligaen"]
[Site "Denmark"]
[Date "2014.01.11"]
[Round "4.5"]
[White "Rewitz, Poul"]
[Black "Carstensen, Jacob"]
[Result "0-1"]
[WhiteElo "2233"]
[BlackElo "2372"]
[PlyCount "96"]
[EventDate "2013.11.02"]
[EventType "team-tourn"]
[EventRounds "9"]
[WhiteTeam "SK1968"]
[BlackTeam "Bronshoj"]
[WhiteTeamCountry "DEN"]
[BlackTeamCountry "DEN"]

1. b3 e5 2. Bb2 Nc6 3. e3 Nf6 4. Nf3 e4 5. Nd4 Nxd4 6. Bxd4 Be7 7. Be2 d5 8.
O-O O-O 9. d3 c5 10. Bb2 Be6 11. c4 exd3 12. Bxd3 dxc4 13. bxc4 Qb6 14. Qc2
Rfd8 15. Be5 Ng4 16. Bg3 Bd6 17. Nc3 Bxg3 18. hxg3 Nf6 19. Rfd1 Qc7 20. Ne4
Nxe4 21. Bxe4 g6 22. Rab1 Rxd1+ 23. Rxd1 Rb8 24. Qc3 Rd8 25. Rxd8+ Qxd8 26.
Bxb7 Qd1+ 27. Kh2 Qh5+ 28. Kg1 Qe2 29. a3 Qxc4 30. Qxc4 Bxc4 31. f4 Kf8 32. Kf2
Ke7 33. e4 f6 34. Ke3 Kd6 35. g4 h6 36. g3 Be6 37. f5 gxf5 38. gxf5 Bf7 39. Kd3
Ba2 40. Ke3 Bb1 41. Bd5 Ke5 42. Bb7 c4 43. Ba8 c3 44. Bd5 Bc2 45. Bb7 Bd1 46.
Ba6 c2 47. Kd2 Kxe4 48. Bd3+ Kf3 0-1

[Event "XtraCon-Skakligaen"]
[Site "Denmark"]
[Date "2014.01.11"]
[Round "4.6"]
[White "Bromann, Thorbjorn"]
[Black "Pedersen, Gunnar"]
[Result "1/2-1/2"]
[WhiteElo "2356"]
[BlackElo "2254"]
[PlyCount "35"]
[EventDate "2013.11.02"]
[EventType "team-tourn"]
[EventRounds "9"]
[WhiteTeam "Bronshoj"]
[BlackTeam "SK1968"]
[WhiteTeamCountry "DEN"]
[BlackTeamCountry "DEN"]

1. c4 e6 2. g3 d5 3. Bg2 Nf6 4. Nf3 dxc4 5. Qc2 a6 6. a4 Nbd7 7. O-O Be7 8. Na3
Bxa3 9. Rxa3 Rb8 10. Qxc4 b5 11. axb5 axb5 12. Qh4 Bb7 13. g4 Ra8 14. Rb3 Ra4
15. d4 Bd5 16. Re3 Nf8 17. b3 Ra2 18. g5 1/2-1/2

[Event "XtraCon-Skakligaen"]
[Site "Denmark"]
[Date "2014.01.11"]
[Round "4.7"]
[White "Christensen, Thomas"]
[Black "Greger, Roland Reinhard"]
[Result "0-1"]
[WhiteElo "2228"]
[BlackElo "2308"]
[PlyCount "86"]
[EventDate "2013.11.02"]
[EventType "team-tourn"]
[EventRounds "9"]
[WhiteTeam "SK1968"]
[BlackTeam "Bronshoj"]
[WhiteTeamCountry "DEN"]
[BlackTeamCountry "DEN"]

1. d4 Nf6 2. Bg5 e6 3. e3 h6 4. Bh4 b6 5. Nf3 Bb7 6. Bd3 d6 7. Nbd2 Nbd7 8. Qe2
g5 9. Bg3 Bg7 10. c3 a5 11. O-O-O Qe7 12. Kb1 Nh5 13. e4 O-O-O 14. Ba6 Nb8 15.
Bb5 Nxg3 16. hxg3 c6 17. Bd3 Qc7 18. Nc4 b5 19. Ne3 Qb6 20. Rh2 Ba6 21. Ka1 c5
22. dxc5 dxc5 23. Rhh1 c4 24. Bc2 Nc6 25. Rxd8+ Rxd8 26. e5 Qc5 27. Ng4 Rd7 28.
Be4 Bb7 29. Nf6 Bxf6 30. exf6 g4 31. Bxc6 Qxc6 32. Ne5 Qxg2 33. Re1 Rc7 34.
Nxf7 Rxf7 35. Qxe6+ Rd7 36. f7 Qf3 37. Qe8+ Kc7 38. Qe5+ Kb6 39. a4 bxa4 40.
Qe6+ Bc6 41. Qxc4 Rd1+ 42. Rxd1 Qxd1+ 43. Ka2 Bd5 0-1

[Event "XtraCon-Skakligaen"]
[Site "Denmark"]
[Date "2014.01.11"]
[Round "4.8"]
[White "Palm, Nikolaj"]
[Black "Andersen, Lars Ren"]
[Result "1-0"]
[WhiteElo "2313"]
[BlackElo "2168"]
[PlyCount "65"]
[EventDate "2013.11.02"]
[EventType "team-tourn"]
[EventRounds "9"]
[WhiteTeam "Bronshoj"]
[BlackTeam "SK1968"]
[WhiteTeamCountry "DEN"]
[BlackTeamCountry "DEN"]

1. d4 d5 2. Nf3 Nf6 3. e3 Bf5 4. c4 c6 5. Nc3 e6 6. Qb3 Qc7 7. Nh4 Bg6 8. Nxg6
hxg6 9. cxd5 exd5 10. Bd2 Nbd7 11. Rc1 Rc8 12. h3 Be7 13. Be2 O-O 14. O-O Rfe8
15. Bd3 Qb8 16. f3 Bd8 17. Ne2 a6 18. e4 Qa7 19. Kh1 b5 20. e5 Nh7 21. f4 Qb7
22. Bb1 c5 23. Qf3 Bb6 24. a3 Nhf8 25. Ba2 c4 26. f5 gxf5 27. Qxf5 Nb8 28. Bb1
Rc6 29. Rf3 Qd7 30. Qh5 Qa7 31. Rcf1 g6 32. Qh6 Rc7 33. Rf4 1-0

[Event "XtraCon-Skakligaen"]
[Site "Denmark"]
[Date "2014.01.11"]
[Round "4.1"]
[White "Hector, Jonny"]
[Black "Hagen, Andreas Skytte"]
[Result "1-0"]
[WhiteElo "2503"]
[BlackElo "2421"]
[PlyCount "89"]
[EventDate "2013.11.02"]
[EventType "team-tourn"]
[EventRounds "9"]
[WhiteTeam "Nordkalotten"]
[BlackTeam "K41"]
[WhiteTeamCountry "DEN"]
[BlackTeamCountry "DEN"]

1. e4 e5 2. Nf3 Nc6 3. Bc4 Nf6 4. d3 Bc5 5. c3 a6 6. Bb3 d6 7. O-O Ba7 8. Be3
O-O 9. Nbd2 Re8 10. Bxa7 Rxa7 11. Re1 Be6 12. Bxe6 Rxe6 13. d4 Re8 14. Qb3 h6
15. Rad1 Qc8 16. Nf1 Ra8 17. Ng3 Na5 18. Qc2 Nc6 19. b4 Nd7 20. a3 Ne7 21. c4
Ng6 22. c5 dxc5 23. bxc5 exd4 24. Nxd4 Nde5 25. Ngf5 Ne7 26. Qc3 Nxf5 27. Nxf5
g6 28. Rd5 gxf5 29. Rxe5 fxe4 30. Qg3+ Kf8 31. R1xe4 Qd7 32. h3 Rad8 33. Rg4
Rxe5 34. Rg8+ Ke7 35. Qxe5+ Qe6 36. Qxc7+ Rd7 37. Qb8 Kf6 38. Qf4+ Qf5 39.
Qxh6+ Ke7 40. Qe3+ Kf6 41. Re8 Rd3 42. Qh6+ Qg6 43. Qc1 Rd7 44. Qc3+ Kg5 45.
Qe3+ 1-0

[Event "XtraCon-Skakligaen"]
[Site "Denmark"]
[Date "2014.01.11"]
[Round "4.2"]
[White "Nilsson, Sebastian"]
[Black "Brynell, Stellan"]
[Result "0-1"]
[WhiteElo "2333"]
[BlackElo "2492"]
[PlyCount "92"]
[EventDate "2013.11.02"]
[EventType "team-tourn"]
[EventRounds "9"]
[WhiteTeam "K41"]
[BlackTeam "Nordkalotten"]
[WhiteTeamCountry "DEN"]
[BlackTeamCountry "DEN"]

1. e4 e6 2. d4 d5 3. Nc3 Nf6 4. Bg5 Be7 5. e5 Nfd7 6. h4 h6 7. Qh5 a6 8. f4 g6
9. Bxe7 Qxe7 10. Qg4 h5 11. Qg5 b6 12. Nf3 c5 13. g4 Nc6 14. Ne2 cxd4 15. Qxe7+
Kxe7 16. Bh3 hxg4 17. Bxg4 f6 18. exf6+ Nxf6 19. Bh3 Bd7 20. Rg1 Rh6 21. O-O-O
Ne4 22. Rg2 Rf8 23. Rdg1 Rf6 24. Bg4 Kd6 25. Rh2 Rf8 26. Rd1 Nf6 27. Bh3 Nh5
28. Nfxd4 Nxf4 29. Nxc6 Bxc6 30. Bg4 Nxe2+ 31. Bxe2 a5 32. Rg1 Rf4 33. Rhg2 Be8
34. Bd3 Rfxh4 35. Bxg6 Bxg6 36. Rxg6 Rxg6 37. Rxg6 Rh2 38. Rg8 e5 39. Rg6+ Kc5
40. a3 a4 41. b4+ axb3 42. cxb3 e4 43. b4+ Kd4 44. a4 e3 45. Rd6 Rh1+ 46. Kc2
e2 0-1

[Event "XtraCon-Skakligaen"]
[Site "Denmark"]
[Date "2014.01.11"]
[Round "4.3"]
[White "Kristensen, Kaare Hove"]
[Black "Stojanovski, Sandi"]
[Result "1/2-1/2"]
[WhiteElo "2342"]
[BlackElo "2289"]
[PlyCount "56"]
[EventDate "2013.11.02"]
[EventType "team-tourn"]
[EventRounds "9"]
[WhiteTeam "Nordkalotten"]
[BlackTeam "K41"]
[WhiteTeamCountry "DEN"]
[BlackTeamCountry "DEN"]

1. e4 c5 2. Nf3 Nc6 3. d4 cxd4 4. Nxd4 Nf6 5. Nc3 e5 6. Ndb5 d6 7. Bg5 a6 8.
Na3 b5 9. Bxf6 gxf6 10. Nd5 Bg7 11. c3 f5 12. exf5 Bxf5 13. Nc2 Be6 14. Nce3
O-O 15. Bd3 f5 16. O-O e4 17. Nf4 Bf7 18. Bc2 Be5 19. Nfd5 Qg5 20. Bb3 Kh8 21.
f4 exf3 22. Qxf3 Bh5 23. Qf2 f4 24. Nc7 Rf6 25. Ned5 Rg6 26. Nxa8 f3 27. Ne3
Qxe3 28. g3 Qf4 1/2-1/2

[Event "XtraCon-Skakligaen"]
[Site "Denmark"]
[Date "2014.01.11"]
[Round "4.4"]
[White "Laursen, Niels Norskov"]
[Black "Sylvan, Jacob"]
[Result "1/2-1/2"]
[WhiteElo "2282"]
[BlackElo "2337"]
[PlyCount "64"]
[EventDate "2013.11.02"]
[EventType "team-tourn"]
[EventRounds "9"]
[WhiteTeam "K41"]
[BlackTeam "Nordkalotten"]
[WhiteTeamCountry "DEN"]
[BlackTeamCountry "DEN"]

1. e4 c5 2. Nf3 d6 3. d4 cxd4 4. Nxd4 Nf6 5. Nc3 g6 6. Be2 Bg7 7. O-O O-O 8.
Bg5 Nbd7 9. Re1 a6 10. a4 h6 11. Be3 Nc5 12. Bf3 e5 13. Nde2 Kh7 14. a5 Qe7 15.
b4 Ncd7 16. Qd2 Ne8 17. Nd5 Qe6 18. Rad1 f5 19. exf5 gxf5 20. Bb6 Qf7 21. g3 e4
22. Bg2 Ne5 23. Nef4 Bd7 24. Bd4 Bc6 25. Nb6 Rd8 26. Bxe5 Bxe5 27. Nbd5 Nf6 28.
c4 Nh5 29. Nxh5 Qxh5 30. Qe2 Qf7 31. f3 Bxd5 32. Rxd5 exf3 1/2-1/2

[Event "XtraCon-Skakligaen"]
[Site "Denmark"]
[Date "2014.01.11"]
[Round "4.5"]
[White "Nielsen, Lars Aaes"]
[Black "Schmidt, Kristen"]
[Result "0-1"]
[WhiteElo "2268"]
[BlackElo "2262"]
[PlyCount "60"]
[EventDate "2013.11.02"]
[EventType "team-tourn"]
[EventRounds "9"]
[WhiteTeam "Nordkalotten"]
[BlackTeam "K41"]
[WhiteTeamCountry "DEN"]
[BlackTeamCountry "DEN"]

1. e4 c6 2. c4 d5 3. cxd5 cxd5 4. exd5 Nf6 5. Bb5+ Bd7 6. Bc4 b5 7. Bb3 Na6 8.
a3 Bg4 9. f3 Bf5 10. Qe2 Nc5 11. d4 Nd3+ 12. Kd1 Nxc1 13. Kxc1 a6 14. Nc3 g6
15. g4 Bh6+ 16. Kd1 Bc8 17. Nh3 O-O 18. Kc2 Bg7 19. Rad1 h5 20. Nf2 hxg4 21.
Nxg4 Bf5+ 22. Kd2 Re8 23. h4 a5 24. Nxf6+ exf6 25. Qh2 Bh6+ 26. f4 Qb8 27. Rdf1
b4 28. Nd1 bxa3 29. Bc2 Qb4+ 30. Nc3 Qxb2 0-1

[Event "XtraCon-Skakligaen"]
[Site "Denmark"]
[Date "2014.01.11"]
[Round "4.6"]
[White "Andreasen, Joan Hendrik"]
[Black "Hove, Esben Kjems"]
[Result "1-0"]
[WhiteElo "2239"]
[BlackElo "2232"]
[PlyCount "129"]
[EventDate "2013.11.02"]
[EventType "team-tourn"]
[EventRounds "9"]
[WhiteTeam "K41"]
[BlackTeam "Nordkalotten"]
[WhiteTeamCountry "DEN"]
[BlackTeamCountry "DEN"]

1. d4 d5 2. c4 c6 3. Nf3 Nf6 4. Nc3 dxc4 5. a4 Bf5 6. Ne5 Nbd7 7. Nxc4 Qc7 8.
g3 e5 9. dxe5 Nxe5 10. Bf4 Nfd7 11. Bg2 g5 12. Bxe5 Nxe5 13. Ne3 Rd8 14. Qb3
Be6 15. Qc2 Bc5 16. O-O Bxe3 17. fxe3 Qb6 18. Ne4 Qxe3+ 19. Kh1 h6 20. a5 Bb3
21. Ra3 Bxc2 22. Rxe3 Bxe4 23. Rxe4 Rd5 24. a6 Rb5 25. Rf5 f6 26. Rxf6 Ke7 27.
Rf5 Ke6 28. Bh3 g4 29. Bxg4 Kd6 30. Rf6+ Kd5 31. Bf3 Nxf3 32. exf3 bxa6 33.
Rf5+ Kd6 34. Rf6+ Kd5 35. Rf5+ Kd6 36. Rf6+ Kd5 37. Ree6 Rc8 38. Rd6+ Kc5 39.
Rd2 h5 40. Kg2 a5 41. g4 hxg4 42. fxg4 Rcb8 43. Rc2+ Kd4 44. Rfxc6 Rxb2 45. g5
a4 46. Rxb2 Rxb2+ 47. Kg3 a3 48. Ra6 a2 49. h4 Ke4 50. Kg4 Rg2+ 51. Kh5 Kf5 52.
Rxa7 Rh2 53. Ra5+ Ke6 54. Kg6 Rxh4 55. Rxa2 Rh1 56. Re2+ Kd6 57. Kg7 Rh3 58. g6
Rh1 59. Kg8 Rh3 60. g7 Rh1 61. Re4 Rh2 62. Kf7 Rf2+ 63. Kg6 Rg2+ 64. Kf6 Kd7
65. Re5 1-0

[Event "XtraCon-Skakligaen"]
[Site "Denmark"]
[Date "2014.01.11"]
[Round "4.7"]
[White "Jakobsen, Peter"]
[Black "Brinck Claussen, Bjorn"]
[Result "1-0"]
[WhiteElo "2238"]
[BlackElo "2248"]
[PlyCount "77"]
[EventDate "2013.11.02"]
[EventType "team-tourn"]
[EventRounds "9"]
[WhiteTeam "Nordkalotten"]
[BlackTeam "K41"]
[WhiteTeamCountry "DEN"]
[BlackTeamCountry "DEN"]

1. d4 d5 2. c4 c6 3. Nf3 Nf6 4. Nc3 e6 5. e3 Nbd7 6. Bd3 dxc4 7. Bxc4 b5 8. Bd3
a6 9. e4 c5 10. e5 cxd4 11. Nxb5 axb5 12. exf6 gxf6 13. O-O Qb6 14. Qe2 Bb7 15.
Bf4 Bd6 16. Bg3 Bxg3 17. hxg3 O-O 18. Bxb5 Rfd8 19. Rfd1 Bxf3 20. gxf3 Ne5 21.
Bd3 Nxd3 22. Rxd3 Ra5 23. Qd2 Kg7 24. Kg2 Rg5 25. Rh1 e5 26. Qc2 h6 27. Rb3 Qe6
28. a4 f5 29. Re1 f4 30. a5 Rh5 31. g4 Rg5 32. Rb6 Qd5 33. Qc6 Rxg4+ 34. Kf1
Rg6 35. Qxd5 Rxd5 36. Rxg6+ fxg6 37. Ra1 d3 38. Ke1 e4 39. fxe4 1-0

[Event "XtraCon-Skakligaen"]
[Site "Denmark"]
[Date "2014.01.11"]
[Round "4.8"]
[White "Christensen, Bo Garner"]
[Black "Ejsing, Esben"]
[Result "0-1"]
[WhiteElo "2219"]
[BlackElo "2153"]
[PlyCount "82"]
[EventDate "2013.11.02"]
[EventType "team-tourn"]
[EventRounds "9"]
[WhiteTeam "K41"]
[BlackTeam "Nordkalotten"]
[WhiteTeamCountry "DEN"]
[BlackTeamCountry "DEN"]

1. e4 d6 2. d4 Nf6 3. Bd3 e5 4. c3 Nc6 5. Ne2 g6 6. O-O Bg7 7. f4 O-O 8. fxe5
dxe5 9. d5 Ne7 10. Qb3 Ng4 11. h3 Nh6 12. Nd2 c6 13. c4 b5 14. Nf3 bxc4 15.
Bxc4 cxd5 16. exd5 Nhf5 17. Nc3 Nd6 18. Be3 Nef5 19. Bc5 e4 20. Nd2 Qh4 21.
Rxf5 Nxf5 22. Ncxe4 Bd7 23. Qb7 Rfc8 24. Bf2 Qd8 25. g4 Nd4 26. Bg3 h5 27. Rf1
hxg4 28. hxg4 Rab8 29. Bxb8 Rxb8 30. Qxa7 Ra8 31. Qb7 Rb8 32. Qa6 Rxb2 33. g5
Rxd2 34. d6 Ne6 35. Qb7 Rb2 36. Qd5 Bd4+ 37. Kh1 Kg7 38. Qxd4+ Nxd4 39. Rxf7+
Kh8 40. Nf6 Bc6+ 41. Kg1 Nf3+ 0-1

[Event "XtraCon-Skakligaen"]
[Site "Denmark"]
[Date "2014.01.12"]
[Round "5.1"]
[White "Hillarp Persson, Tiger"]
[Black "Hector, Jonny"]
[Result "1-0"]
[WhiteElo "2557"]
[BlackElo "2503"]
[PlyCount "65"]
[EventDate "2013.11.02"]
[EventType "team-tourn"]
[EventRounds "9"]
[WhiteTeam "Bronshoj"]
[BlackTeam "Nordkalotten"]
[WhiteTeamCountry "DEN"]
[BlackTeamCountry "DEN"]

1. Nf3 d5 2. c4 d4 3. b4 f6 4. e3 e5 5. c5 a5 6. Qa4+ Qd7 7. Bb5 c6 8. Bc4 Na6
9. exd4 e4 10. b5 Nb4 11. a3 exf3 12. axb4 Qxd4 13. d3 Qe5+ 14. Be3 fxg2 15.
Rg1 Qxh2 16. bxc6 Qxg1+ 17. Kd2 b5 18. cxb6 Bxb4+ 19. Nc3 Qh2 20. b7 Rb8 21.
c7+ Kf8 22. cxb8=Q Qxb8 23. bxc8=Q+ Qxc8 24. Rg1 h5 25. Rxg2 h4 26. Qb5 Ne7 27.
Kc2 h3 28. Rh2 Qc7 29. Nd5 Nxd5 30. Qxd5 g5 31. Rxh3 Rxh3 32. Qg8+ Ke7 33. Qe6+
1-0

[Event "XtraCon-Skakligaen"]
[Site "Denmark"]
[Date "2014.01.12"]
[Round "5.2"]
[White "Brynell, Stellan"]
[Black "Aabling Thomsen, Jakob"]
[Result "1-0"]
[WhiteElo "2492"]
[BlackElo "2375"]
[PlyCount "81"]
[EventDate "2013.11.02"]
[EventType "team-tourn"]
[EventRounds "9"]
[WhiteTeam "Nordkalotten"]
[BlackTeam "Bronshoj"]
[WhiteTeamCountry "DEN"]
[BlackTeamCountry "DEN"]

1. d4 Nf6 2. c4 g6 3. g3 c6 4. Bg2 d5 5. cxd5 cxd5 6. Nf3 Bg7 7. Nc3 Ne4 8. O-O
Nc6 9. Bf4 O-O 10. Rc1 Bf5 11. Ne5 Nxc3 12. Rxc3 Rc8 13. Qd2 Qb6 14. Nxc6 bxc6
15. Be3 Rfd8 16. Rfc1 e5 17. Rb3 Qc7 18. dxe5 Bxe5 19. Bc5 Rb8 20. Rxb8 Rxb8
21. b3 a5 22. Bd4 a4 23. b4 Bxd4 24. Qxd4 Qe7 25. a3 Qxe2 26. h4 Qe8 27. h5
gxh5 28. Qf6 Be6 29. Qg5+ Kf8 30. Re1 Qe7 31. Qe5 Qd8 32. Bh3 Kg8 33. Bxe6 fxe6
34. Qxe6+ Kh8 35. Qxc6 h4 36. Qe6 Qg5 37. Re5 Qg7 38. Qe8+ Qg8 39. Qe7 hxg3 40.
Rg5 gxf2+ 41. Kf1 1-0

[Event "XtraCon-Skakligaen"]
[Site "Denmark"]
[Date "2014.01.12"]
[Round "5.3"]
[White "Pilgaard, Kim"]
[Black "Kristensen, Kaare Hove"]
[Result "1-0"]
[WhiteElo "2403"]
[BlackElo "2342"]
[PlyCount "65"]
[EventDate "2013.11.02"]
[EventType "team-tourn"]
[EventRounds "9"]
[WhiteTeam "Bronshoj"]
[BlackTeam "Nordkalotten"]
[WhiteTeamCountry "DEN"]
[BlackTeamCountry "DEN"]

1. d4 d5 2. c4 c6 3. Nf3 Nf6 4. Nc3 e6 5. Bg5 dxc4 6. e4 b5 7. e5 h6 8. Bh4 g5
9. Nxg5 hxg5 10. Bxg5 Nbd7 11. g3 Rg8 12. h4 Rxg5 13. hxg5 Nd5 14. g6 fxg6 15.
Qg4 Qe7 16. Bg2 Kd8 17. Bxd5 cxd5 18. Qxg6 Bg7 19. Nxb5 Qb4+ 20. Kf1 Qxb5 21.
Qxg7 Qxb2 22. Re1 Qxd4 23. Qg8+ Kc7 24. Qxe6 Nxe5 25. Qxe5+ Qxe5 26. Rxe5 Kd6
27. f4 Rb8 28. Rh8 Kc5 29. Kf2 c3 30. Ke3 Kc4 31. Rd8 c2 32. Kd2 d4 33. Ree8
1-0

[Event "XtraCon-Skakligaen"]
[Site "Denmark"]
[Date "2014.01.12"]
[Round "5.4"]
[White "Sylvan, Jacob"]
[Black "Hoi, Carsten"]
[Result "1-0"]
[WhiteElo "2337"]
[BlackElo "2393"]
[PlyCount "55"]
[EventDate "2013.11.02"]
[EventType "team-tourn"]
[EventRounds "9"]
[WhiteTeam "Nordkalotten"]
[BlackTeam "Bronshoj"]
[WhiteTeamCountry "DEN"]
[BlackTeamCountry "DEN"]

1. e4 g6 2. d4 Bg7 3. Nc3 d6 4. f4 Nc6 5. Be3 Nf6 6. Nf3 O-O 7. e5 Ng4 8. Bg1
dxe5 9. dxe5 f6 10. Bc4+ Kh8 11. h3 Qxd1+ 12. Rxd1 Nh6 13. exf6 Bxf6 14. Bd5
Nb4 15. Bb3 Nf5 16. Bf2 c6 17. O-O Nd6 18. Rfe1 Na6 19. Ng5 Nc7 20. Nce4 Nxe4
21. Nxe4 Bxb2 22. c3 Be6 23. Bd4+ Kg8 24. Ng5 Bxb3 25. Rxe7 Ne8 26. axb3 c5 27.
Be5 h6 28. Rdd7 1-0

[Event "XtraCon-Skakligaen"]
[Site "Denmark"]
[Date "2014.01.12"]
[Round "5.5"]
[White "Carstensen, Jacob"]
[Black "Hove, Esben Kjems"]
[Result "1-0"]
[WhiteElo "2372"]
[BlackElo "2232"]
[PlyCount "49"]
[EventDate "2013.11.02"]
[EventType "team-tourn"]
[EventRounds "9"]
[WhiteTeam "Bronshoj"]
[BlackTeam "Nordkalotten"]
[WhiteTeamCountry "DEN"]
[BlackTeamCountry "DEN"]

1. d4 d5 2. c4 e6 3. Nc3 Nf6 4. cxd5 exd5 5. Bg5 c6 6. e3 Be7 7. Bd3 O-O 8. Qc2
Nbd7 9. Nf3 Re8 10. h3 Nf8 11. O-O-O b5 12. g4 Qa5 13. Bxf6 Bxf6 14. g5 Be7 15.
Ne5 Bb7 16. Bxh7+ Nxh7 17. g6 fxg6 18. Qxg6 Ng5 19. h4 Ba3 20. Nb1 Re6 21. Qh5
Bxb2+ 22. Kxb2 Rf8 23. hxg5 Rxf2+ 24. Kc1 Rxe5 25. dxe5 1-0

[Event "XtraCon-Skakligaen"]
[Site "Denmark"]
[Date "2014.01.12"]
[Round "5.6"]
[White "Jakobsen, Peter"]
[Black "Bromann, Thorbjorn"]
[Result "0-1"]
[WhiteElo "2238"]
[BlackElo "2356"]
[PlyCount "110"]
[EventDate "2013.11.02"]
[EventType "team-tourn"]
[EventRounds "9"]
[WhiteTeam "Nordkalotten"]
[BlackTeam "Bronshoj"]
[WhiteTeamCountry "DEN"]
[BlackTeamCountry "DEN"]

1. d4 c5 2. d5 e5 3. e4 d6 4. c4 Be7 5. Nf3 Bg4 6. Nbd2 Nf6 7. Be2 O-O 8. O-O
a6 9. a4 a5 10. Ne1 Bc8 11. b3 Na6 12. Bb2 Nb4 13. Nd3 g6 14. Nxb4 axb4 15. Qc2
Ne8 16. f4 exf4 17. Rxf4 Bg5 18. Rff1 Bf6 19. Nf3 Qe7 20. Rae1 Bxb2 21. Qxb2 f6
22. Bd3 Ng7 23. Qf2 Bg4 24. Nd2 Rae8 25. h3 Bd7 26. Nf3 g5 27. g4 h5 28. Qg3
Bc8 29. Re2 Qd7 30. Rg2 Re7 31. Qf2 Qe8 32. Qg3 Qd7 33. Qf2 Ref7 34. Qe3 Qe7
35. Qf2 hxg4 36. hxg4 Ne8 37. Qg3 Rg7 38. Kf2 Nc7 39. Rh1 Kf7 40. Rh6 Ke8 41.
Qh3 Na6 42. Rh2 Nb8 43. Rh8 Nd7 44. Rxf8+ Nxf8 45. e5 fxe5 46. Be4 Kd8 47. Ke2
Kc7 48. Rf2 Rf7 49. Bf5 Bxf5 50. gxf5 e4 51. Nd2 Nd7 52. Qe3 Nf6 53. Qxg5 e3
54. Qxe3 Qxe3+ 55. Kxe3 Ng4+ 0-1

[Event "XtraCon-Skakligaen"]
[Site "Denmark"]
[Date "2014.01.12"]
[Round "5.7"]
[White "Greger, Roland Reinhard"]
[Black "Pedersen, Daniel V"]
[Result "1/2-1/2"]
[WhiteElo "2308"]
[BlackElo "2245"]
[PlyCount "81"]
[EventDate "2013.11.02"]
[EventType "team-tourn"]
[EventRounds "9"]
[WhiteTeam "Bronshoj"]
[BlackTeam "Nordkalotten"]
[WhiteTeamCountry "DEN"]
[BlackTeamCountry "DEN"]

1. e4 e5 2. Nf3 Nc6 3. Bb5 a6 4. Ba4 Nf6 5. d3 d6 6. c3 g6 7. h3 Bg7 8. Bg5 O-O
9. g4 Qe7 10. Nbd2 Nd8 11. Bb3 Ne6 12. Bxe6 Qxe6 13. Nf1 d5 14. Ng3 b6 15. Qe2
Bb7 16. O-O Rfe8 17. Rfe1 c5 18. c4 d4 19. Kh2 b5 20. b3 Bc6 21. Qd2 Nd7 22.
Bh6 a5 23. Rg1 a4 24. Bxg7 Kxg7 25. Nf5+ Kh8 26. cxb5 Bxb5 27. Ng5 Qf6 28. Nd6
Reb8 29. Ngxf7+ Kg8 30. g5 Qe6 31. Nh6+ Kg7 32. Nc4 Bxc4 33. bxc4 Rb4 34. Rg3
Rf8 35. Rf1 a3 36. Ng4 Qb6 37. Qd1 Rf4 38. Rf3 Rxf3 39. Qxf3 Rb2 40. Nh6 Qe6
41. Qd1 1/2-1/2